|
|
|
|
| LEADER |
00975cam a2200265 i 4500 |
| 008 |
751014s1975 enkacf b 000 0 eng |
| 010 |
|
|
|a 75326306
|
| 015 |
|
|
|a GB75-14541
|
| 020 |
|
|
|a 057110715X
|
| 020 |
|
|
|a 0571107168(pbk.)
|
| 043 |
|
|
|a e-uk---
|
| 082 |
0 |
0 |
|a 820/.9/00912
|
| 100 |
1 |
|
|a Symons, Julian,
|
| 245 |
1 |
4 |
|a The thirties :
|b a dream revolved /
|c Julian Symons.
|
| 250 |
|
|
|a Revised ed.
|
| 260 |
|
|
|a London :
|b Faber,
|c 1975.
|
| 300 |
|
|
|a 3-160 p., [16] p. of plates :
|b ill., ports. ;
|c 21 cm.
|
| 504 |
|
|
|a "Notes on sources": p. [157]-160.
|
| 650 |
|
0 |
|a Arts, British
|y 20th century.
|
| 650 |
|
0 |
|a English literature
|y 20th century
|x History and criticism.
|
| 651 |
|
0 |
|a Great Britain
|x Social life and customs
|y 1918-1945.
|
| 906 |
|
|
|a 7
|b cbc
|c orignew
|d 3
|e ncip
|f 19
|g y-gencatlg
|
| 942 |
|
|
|c BK
|
| 999 |
|
|
|c 200440
|d 200440
|
| 952 |
|
|
|0 0
|1 0
|4 0
|6 820_900000000000000_SYM_T
|7 0
|9 221835
|a ENG
|b ENG
|c ST1
|d 2017-05-25
|i 9464
|l 0
|o 820.9 SYM/T
|p ENG9464
|r 2017-05-25
|w 2018-08-21
|y BK
|